El general don Manuel Bulnes: Discurso pronunciado por S.E. el presidente de la república excmo. Sr. Arturo Alessandri, con motivo de la inauguración de su estatua, efectuada en Santiago el 11 de septiembre de 1937

Պահպանված է:
Մատենագիտական մանրամասներ
Հիմնական հեղինակ: Alessandri Palma, Arturo (Հեղինակ)
Ձևաչափ: Գիրք
Լեզու:իսպաներեն
Հրապարակվել է: Santiago Dirección General de Prisiones 1937
Հրատարակություն:1a. ed
Խորագրեր:
Ցուցիչներ: Ավելացրեք ցուցիչ
Չկան պիտակներ, Եղեք առաջինը, ով նշում է այս գրառումը!

MARC

LEADER 00000nam a2200000 a 4500
001 UCJ5624
003 CL-VaPUC
008 070124e19370911CL |||||||||||||||||spa|d
082 0 4 |a 983  |b ALE  |2 21 
100 |a Alessandri Palma, Arturo  |e author  |9 268143 
245 1 3 |a El general don Manuel Bulnes: Discurso pronunciado por S.E. el presidente de la república excmo. Sr. Arturo Alessandri, con motivo de la inauguración de su estatua, efectuada en Santiago el 11 de septiembre de 1937 
250 |a 1a. ed 
300 |a 21 p 
942 |c BK 
945 |d 20070124 00:00:00  |a rinostro 
260 |a Santiago  |b Dirección General de Prisiones  |c 1937 
500 |a Fotografía del monumento a Bulnes 
600 0 |a Bulnes, Manuel  |9 315172 
650 0 |a Discursos   |9 265028 
650 0 |a Presidentes de Chile  |9 268293 
650 7 |a BIOGRAFIA  |2 CL-VaPUC  |9 504622 
650 0 |a Iconografía   |9 267998 
650 0 |a Monumentos  |9 265246 
650 0 |a Historia de Chile  |9 265473 
583 |a last modification  |c 20070124 00:00:00  |k Rodrigo Vera 
999 |c 321733  |d 321731 
952 |0 0  |1 0  |4 0  |6 983_000000000000000_ALE_1937  |7 0  |8 X  |9 400559  |a FDOBUD  |b FDOBUD  |d 2019-11-22  |i 1037285  |o 983 ALE 1937  |p 1037285  |r 2019-11-22  |w 2019-11-22  |y BK_X  |k BUD